| 000 | 00734nam a2200217 a 4500 | ||
|---|---|---|---|
| 005 | 20250610063823.0 | ||
| 008 | 051207s1997 mx r 000 0 spa d | ||
| 020 | _a9682438705 | ||
| 035 | _aUPN01000141454 | ||
| 049 | _aF | ||
| 050 | 4 |
_aLC5803 M6 _bI5.7 |
|
| 245 | 0 | 0 | _aIntroducción a la Universidad Virtual. |
| 260 |
_aMéxico : _bTrillas : _c1997. _bITESM, Universidad Virtual, |
||
| 300 |
_a31 p. : _bil. |
||
| 440 | 0 | _aManual de autocapacitación | |
| 610 | 2 | 4 |
_aINSTITUTO TECNOLOGICO DE ESTUDIOS SUPERIORES DE MONTERREY. _bUNIVERSIDAD VIRTUAL _94037 |
| 650 | 2 |
_aUniversidad a distancia _94033 |
|
| 650 | 4 |
_aREALIDAD VIRTUAL EN LA EDUCACION SUPERIOR - _zMEXICO _94032 |
|
| 856 | 4 | 0 | _uhttp://www.ruv.itesm.mx/ |
| 905 | _aLibro | ||
| 999 |
_c113601 _d113601 |
||